Geboren in Ulm - Statistiken

Allgemein
  • Dieses Quiz wurde 113 mal gespielt
    82 seit der letzten Aktualisierung
  • Das Durchschnittsergebnis liegt bei 2 aus 10
Antwortstatistiken
Hinweis Antwort % Korrekt
Physiker und Nobelpreisträger, "Relativitätstheorie" 1879 Albert Einstein
98%
langjährger Spieler und Manager des FC Bayern München 1952 Uli Hoeneß
61%
frühere Bundesvorsitzende der Grünen und Vizepräsidentin des Bundestags 1955 Claudia Roth
25%
Komiker und Sänger, "Der Nippel" 1951 Mike Krüger
23%
Co-Trainer der Nationalmannschaft 1965 Marcus Sorg
13%
international bekannte Schauspielerin und Sängerin 1925 Hildegard Knef
8%
Gründer eines weltberühmten Lübecker Marzipanhersteller 1777 Johann Christian Niederegger
6%
Schriftsteller, "Black Out" 1959 Andreas Eschbach
2%
deutsch-schweizerischer Regisseur, "James Bond 007: Ein Quantum Trost" "Schräger als Fiktion" "Christopher Robin" "Monster's Ball" 1969 Marc Forster
2%
Journalistin, deren Festnahme in der Türkei für große mediale Aufmerksamkeit sorgte 1984 Mesale Tolu
0%
Keine übereinstimmenden Quizze gefunden
Verteilung der Resultate
Anzahl Personen mit jedem Resultat
Perzentil nach korrekt beantworteten Fragen
Ihre Resultats-Entwicklung
Sie haben dieses Quiz seit der letzten Aktualisierung nicht gespielt